00929nam a22002537a 45000010005000000030006000050050017000110080041000280400029000690500008000980820011001061000021001172450157001382500041002952600029003363000045003655050007004105200138004175210019005555210018005746500030005926500024006227000029006467808FISKH20250811092334.0250811b cb ||||| |||| 00| 0 eng d aFISKHbengcFISKHdFISKH aPZ7 a823.92 aGrahame, Kenneth aThe reluctant dragon /cKenneth Grahame ; Adapted by Katie Daynes ; Illustrated by Fred Blunt ; Reading Consultant: Alison Kelly ; Roehampton University aThis edition first published in 2009 aLondon :bUsborne,c2009 a48 pages :bcolor illustrations ;c20 cm aG  aWhoever heard of a dragon who doesn't like fighting? And what will happen when the boldest dragon fighter of them all comes to stay? 8 a340 bLexile 8 aG bRaz-Plus  2DragonsaBeginning reader 2FriendshipaCastles aBlunt, Freddillustrator